00826nam a2200205 a 450000100100000000500170001000800410002704000250006808200100009310000320010324000220013524501940015725000110035126000540036230000200041650000710043650000380050770000390054571000360058400003517120200930074143.0111025s1908 sp 000 0 spa d aDO-SdBNPbspacBNPHU axxxxx1 aPaso, Antonio,d(1870-1958)10aCorría de toros13aLa corría de toros :bzarzuela cómica en un acto, dividido en tres cuadros, original y en prosa /cletra de los señores Paso y Jiménez Prieto ; música del maestro Federico Chueca. a3a. ed aMadrid :bSociedad de Autores Españoles,c1908. a46 p. ;c21 cm. aEstrenada en el Teatro Eslava la noche del 15 de Noviembre de 1902 aTambién disponible en partitura1 aJimenez-Prieto, Diego, ($dm. 1907)2 aSociedad de Autores Españoles